| 000 | 01133nam a22003137a 4500 | ||
|---|---|---|---|
| 003 | CCE-Carchi | ||
| 005 | 20241115122443.0 | ||
| 007 | ta | ||
| 008 | 160121s1991 ec |||grn||| 001 jdspa d | ||
| 017 | _a000319 | ||
| 020 | _a9978-80-111-1 | ||
| 040 |
_aCCE-Carchi _dEC-QuCCB |
||
| 041 | 0 | _aspa | |
| 082 | 0 |
_aEc863 _bV182 |
|
| 100 |
_98418 _aVallejo Corral, Raúl, _d1959- |
||
| 245 | 1 | 0 |
_aManía de contar _cRaúl Vallejo ; estudio introductorio y notas por Jorge Dávila Vásquez |
| 250 | _aPrimera reimpresión | ||
| 260 |
_aQuito, Ecuador : _bLibresa, _c1991 |
||
| 300 |
_a359 páginas ; _c21 cm |
||
| 336 |
_aTexto _btxt |
||
| 337 |
_ano mediado _bn |
||
| 338 |
_avolumen _bnc |
||
| 490 |
_aAntares ; _vnúmero 63 |
||
| 504 | _aBibliografía | ||
| 505 | 1 | _aEstudio introductorio -- Algunos juicios críticos -- Cronología -- Bibliografía recomendada -- Temas para trabajo de los estudiantes -- Texto de la obra : Solo de palabras; máscaras para un concierto; Daguerrotipo; cuento a cuento cuento | |
| 650 |
_911831 _aCuentos ecuatorianos |
||
| 700 | 1 |
_910800 _aDávila Vázquez, Jorge, _d1947- |
|
| 942 |
_2ddc _cBK |
||
| 999 |
_c62619 _d62619 |
||